000 00905nam a2200265 u 4500
005 20250221063808.0
008 181114s1986 r 000 0 eng d
020 _a968434399X
035 _aUPN01000227830
049 _aCG
050 4 _aLB1117
_bZ3.5
100 1 _aZazzo, Bianka,
_d1915-2007
_942329
245 1 3 _aUn gran paso :
_bdel jardín de niños a la escuela elemental /
_cBianka Zazzo ; tr. María José de Chopite.
260 _aTlahuapan, Pue. :
_bPremia,
_c1986.
300 _a196 p.
440 0 _aLa red de Jonás.
_pEnsayos varios
534 _pTraducción de:
_tUn gran passage _ de l'école maternelle á l'école élémentaire
650 4 _aDesarrollo infantil
_9176
650 4 _aIntegración escolar
_9306
650 4 _aEDUCACION PREESCOLAR -
_zFRANCIA
_916810
650 4 _aEducación primaria
_zFrancia
_918611
905 _aLibro
999 _c199925
_d199925